[Event "Challenge"]
[Site "http://www.queenalice.com/game.php?id=58387"]
[Date "2006.3.20"]
[Round "-"]
[White "brez2fax"]
[Black "hexa"]
[Result "0-1"]
[WhiteElo "1388"]
[BlackElo "1655"]

1. e4 e5 2. c3 Nf6 3. d3 Bc5 4. Nh3 O-O 5. Bg5 h6 6. Bxf6 Qxf6 7. f3 d5 8. Nf2
Bxf2+ 9. Kxf2 Qb6+ 10. d4 Qxb2+ 11. Nd2 exd4 12. Be2 dxc3 13. Nb3 dxe4 14. fxe4
Bg4 15. Qd3 Nc6 16. Rhb1 Ne5 17. Qe3 Nc4 18. Qd3 Bxe2 19. Qxe2 Qxe2+ 20. Kxe2
Rfe8 21. Kd3 Nd6 22. Re1 Rad8 23. Kxc3 Nxe4+ 24. Kb2 c5 25. Re2 c4 26. Na5 c3+
27. Kb3 Nc5+ 28. Kxc3 Rxe2 0-1

[Event "Challenge"]
[Site "http://www.queenalice.com/game.php?id=58388"]
[Date "2006.3.20"]
[Round "-"]
[White "hexa"]
[Black "brez2fax"]
[Result "1-0"]
[WhiteElo "1500"]
[BlackElo "1410"]

1. e4 e5 2. Nf3 Qf6 3. Nc3 Bb4 4. Nd5 Qd6 5. a3 Bc5 6. b4 c6 7. bxc5 Qg6 8. Nc7+
Kd8 9. Nxa8 Qxe4+ 10. Qe2 Qxc2 11. Nxe5 Nh6 12. Qc4 Qxc4 13. Nxc4 Re8+ 14. Be2
Nf5 15. Bb2 Na6 16. d4 f6 17. Nd6 Nxd6 18. cxd6 Re6 19. Nc7 Rxd6 20. Nxa6 bxa6
21. O-O Re6 22. Bf3 a5 23. Rfe1 Rxe1+ 24. Rxe1 d5 25. a4 Bf5 26. Ba3 Bc2 27. Re7
Bxa4 28. Bd6 a6 29. Bg4 Bb5 30. Ra7 a4 31. Ra8# 1-0

[Event "Challenge"]
[Site "http://www.queenalice.com/game.php?id=59150"]
[Date "2006.3.24"]
[Round "-"]
[White "gerchurches"]
[Black "hexa"]
[Result "1-0"]
[WhiteElo "1897"]
[BlackElo "1719"]

1. e4 e5 2. Nf3 Nc6 3. Bc4 Bc5 4. c3 Nf6 5. d4 exd4 6. cxd4 Bb4+ 7. Bd2 Bxd2+ 8.
Nbxd2 d5 9. exd5 Nxd5 10. Bxd5 Qxd5 11. Nb3 O-O 12. O-O Bg4 13. Re1 Rad8 14. Re3
f5 15. h3 Bh5 16. Rd3 Ne5 17. dxe5 Qxd3 18. Qxd3 Rxd3 19. Nfd4 c5 20. Ne6 Rc8
21. Nexc5 Rd1+ 22. Rxd1 Bxd1 23. Nxb7 Bxb3 24. axb3 Rb8 25. Na5 Rb5 26. Nc6 Rxb3
27. Nxa7 Rxb2 28. Nc6 Kf7 29. Nd4 g6 30. f4 Rb4 31. Ne2 Re4 32. Kf2 g5 33. g3
1-0

[Event "Challenge"]
[Site "http://www.queenalice.com/game.php?id=59151"]
[Date "2006.3.24"]
[Round "-"]
[White "hexa"]
[Black "gerchurches"]
[Result "1-0"]
[WhiteElo "1699"]
[BlackElo "1849"]

1. e4 e6 2. d4 d5 3. Nc3 c5 4. exd5 exd5 5. Nf3 Nc6 6. Bb5 Nf6 7. O-O Bd7 8.
Re1+ Be7 9. Qe2 a6 10. Bxc6 bxc6 11. Bf4 Be6 12. Ne5 Qb6 13. Nxf7 O-O 14. Ng5
Bg4 15. Qxe7 cxd4 16. Na4 Qa5 17. Nc5 Rae8 18. Nb3 Qxe1+ 19. Rxe1 Rxe7 20. Rxe7
Ne4 21. Be5 Nf6 22. Nxd4 h6 23. Nge6 Bxe6 24. Nxe6 Rf7 25. Rxf7 Kxf7 26. Nd8+
Ke7 27. Bxf6+ 1-0

[Event "Challenge"]
[Site "http://www.queenalice.com/game.php?id=59388"]
[Date "2006.3.25"]
[Round "-"]
[White "hexa"]
[Black "Pato"]
[Result "0-1"]
[WhiteElo "1588"]
[BlackElo "2026"]

1. e4 Nc6 2. Nf3 d6 3. d4 Bg4 4. Bb5 a6 5. Ba4 b5 6. Bb3 e6 7. c3 Nf6 8. Bc2 Be7
9. h3 Bh5 10. O-O O-O 11. Nbd2 e5 12. g4 Bg6 13. dxe5 dxe5 14. Nh4 Bc5 15. Nxg6
fxg6 16. Kg2 h5 17. f3 Qe7 18. Qe2 Rad8 19. b4 Bb6 20. a4 Kh7 21. axb5 axb5 22.
Qxb5 Qe6 23. Qe2 Ne7 24. Nc4 Ra8 25. Rxa8 Rxa8 26. Nxb6 cxb6 27. Rd1 Ra2 28. Rd2
g5 29. Bd3 Ra1 30. Bb2 Ng6 31. Qe3 Nf4+ 32. Kh2 Ra8 33. Be2 Kg6 34. Kg3 hxg4 35.
hxg4 Rh8 36. Bf1 Rh4 0-1

[Event "Let's Play Chess!"]
[Site "http://www.queenalice.com/game.php?id=59943"]
[Date "2006.3.28"]
[Round "-"]
[White "hexa"]
[Black "BogusBogart"]
[Result "0-1"]
[WhiteElo "1734"]
[BlackElo "2073"]

1. e4 e5 2. Nf3 d5 3. exd5 Bd6 4. Nc3 Nf6 5. Bb5+ c6 6. dxc6 bxc6 7. Bc4 O-O 8.
d3 Bg4 9. O-O Nbd7 10. Bg5 Qc7 0-1

[Event "Let's Play Chess!"]
[Site "http://www.queenalice.com/game.php?id=59944"]
[Date "2006.3.28"]
[Round "-"]
[White "BogusBogart"]
[Black "hexa"]
[Result "1-0"]
[WhiteElo "2075"]
[BlackElo "1725"]

1. e4 e5 2. Nf3 Nc6 3. d4 exd4 4. Bc4 Nf6 5. e5 d5 6. Bb5 Ne4 7. Nxd4 Bd7 8.
Bxc6 bxc6 9. O-O Be7 10. f3 Ng5 11. f4 Ne4 12. Nc3 1-0

[Event "Challenge"]
[Site "http://www.queenalice.com/game.php?id=61199"]
[Date "2006.4.4"]
[Round "-"]
[White "JimMorrisson"]
[Black "hexa"]
[Result "1-0"]
[WhiteElo "2165"]
[BlackElo "1719"]

1. e4 e5 2. Nf3 Nc6 3. Bb5 a6 4. Ba4 Nf6 5. O-O Be7 6. Re1 b5 7. Bb3 d6 8. c3
O-O 9. h3 Nd7 10. d4 Bf6 11. Be3 Bb7 12. Nbd2 Nb6 13. Bc2 1-0